00916nam a2200253Ia 450000500170000000800410001702000150005805000190007310000470009224500860013925000170022526000430024230000180028533600100030333700140031333800140032750500500034151900790039165000290047065000430049994200070054295200960054999900170064520231102151227.0120630s 1991sp d 000 0 spa d a8475096964 aHQ31bB37 1991 aBarragán Medero, Fernando.eautor93956203aEducación sexualb: guía teórica y prácticac/ Fernando Barragán Medero a2a edición aEspañab: Paidós Ibéricac, 1991 a221 páginas atexto asin medio avolúmen aIncluye apéndice, glosario y bibliografía aPlan Flexible /bPsicología /cEducación sexual (B19-3) /d(19 000124) aEducación sexual94091 aEducación sexual para niños939563 cLB 00104070a19b19d0000-00-00l0oHQ31 B37 1991 p19 000124r2013-05-14t1w2013-05-14yLB c77952d77952